000 00506nam a22001697a 4500
005 20251108164722.0
008 250721s1978 xx 000 0 ara d
082 1 4 _a812.9611/محم
100 1 _aالجابري، محمد صالح
245 1 0 _aكيف لا أحب النهار :
_bمسرحية /
264 1 _aتونس :
_bالدار العربية للكتاب،
_c1978.
300 _a79ص
650 1 7 _aالمسرحيات العربية
650 1 7 _aتونس
942 _2ddc
_cBK
999 _c12635
_d12635